ბათუმის შოთა რუსთაველის სახელმწიფო უნივერსიტეტის ბიბლიოთეკა

The Oxford Dictionary of Current English (ბიბ.ჩანაწერი № 46620)

000 -LEADER
fixed length control field 00507nam a2200205Ia 4500
001 - CONTROL NUMBER
control field 13460
003 - CONTROL NUMBER IDENTIFIER
control field GE_BSU
008 - FIXED-LENGTH DATA ELEMENTS--GENERAL INFORMATION
fixed length control field 181216s||||||||xx |||||||||||||| ||und||
020 ## - INTERNATIONAL STANDARD BOOK NUMBER
International Standard Book Number 97801992819192
040 ## - CATALOGING SOURCE
Transcribing agency GE_BSU
080 ## - UNIVERSAL DECIMAL CLASSIFICATION NUMBER
Universal Decimal Classification number 821.111(038)
245 #4 - TITLE STATEMENT
Title The Oxford Dictionary of Current English
245 ## - TITLE STATEMENT
Statement of responsibility, etc. Edited by B.E.Allen
260 ## - PUBLICATION, DISTRIBUTION, ETC.
Place of publication, distribution, etc. New York
260 ## - PUBLICATION, DISTRIBUTION, ETC.
Name of publisher, distributor, etc. Oxford univ-ty Press
260 ## - PUBLICATION, DISTRIBUTION, ETC.
Date of publication, distribution, etc. 1984
300 ## - PHYSICAL DESCRIPTION
Extent 894p.18cm.
653 ## - INDEX TERM--UNCONTROLLED
Uncontrolled term The Oxford Dictionary of Current English
942 ## - ADDED ENTRY ELEMENTS (KOHA)
Koha item type წიგნი
ეგზემპლარები
Withdrawn status Lost status Damaged status Not for loan Date acquired Barcode Date last seen Price effective from Koha item type
        2018-12-17 36846 2018-12-17 2018-12-17 წიგნი